| 000 | 00474nam a2200205Ia 4500 | ||
|---|---|---|---|
| 008 | 170918s9999 xx 000 0 und d | ||
| 020 | _a9780545007993 | ||
| 050 | _bC695 2006 | ||
| 100 | _aColfer, Eoin | ||
| 245 | _aArtemis fowl : | ||
| 245 | _bthe lost colony / | ||
| 245 | _cEoin Colfer. | ||
| 260 | _aNew York : | ||
| 260 | _bScholastic, | ||
| 260 | _c2006 | ||
| 300 | _a385 pages : | ||
| 300 | _bcolored illustration ; | ||
| 300 | _c19cm. | ||
| 500 | _a740 | ||
| 999 |
_c342013 _d342013 |
||